| Tag |
First Indicator |
Second Indicator |
Subfields |
| LEADER |
00000cam a2200000 i 4500 |
| 001 |
in00000769721 |
| 005 |
20151017050403.0 |
| 008 |
801121s1979 wb a b 00010 eng d |
| 020 |
|
|
|a 3540089454
|
| 020 |
|
|
|a 0387089454
|
| 035 |
|
|
|a (OCoLC)06964138
|
| 035 |
|
|
|9 ADK0355AM
|
| 040 |
|
|
|a JHE
|c JHE
|d m/c
|d TXA
|d UtOrBLW
|
| 049 |
|
|
|a TXAM
|c [A06349077]
|
| 050 |
|
4 |
|a QA1
|b .T26 no. 61
|
| 100 |
1 |
|
|a Whitham, G. B.
|q (Gerald Beresford),
|d 1927-
|
| 245 |
1 |
0 |
|a Lectures on wave propagation /
|c by G. B. Whitham.
|
| 264 |
|
1 |
|a Berlin ;
|a New York :
|b Springer-Verlag,
|c 1979.
|
| 300 |
|
|
|a v, 148 pages :
|b illustrations ;
|c 25 cm.
|
| 336 |
|
|
|a text
|b txt
|2 rdacontent
|
| 337 |
|
|
|a unmediated
|b n
|2 rdamedia
|
| 338 |
|
|
|a volume
|b nc
|2 rdacarrier
|
| 490 |
1 |
|
|a Lectures on mathematics and physics : Mathematics ;
|v 61
|
| 504 |
|
|
|a Bibliography: pages 147-148.
|
| 650 |
|
0 |
|a Wave-motion, Theory of.
|
| 650 |
|
0 |
|a Waves.
|
| 830 |
|
0 |
|a Lectures on mathematics and physics : Mathematics ;
|v 61.
|
| 999 |
|
|
|a MARS
|
| 999 |
f |
f |
|s 2242b7ba-a39e-3473-92b1-f208ff1fa139
|i 1f67dc59-6842-3966-95ce-4a81eb8f8780
|t 0
|
| 952 |
f |
f |
|p ric
|a Texas A&M University
|b Rellis Campus
|c Joint Library Facility
|d Remote Storage
|t 0
|e QA1 .T26 no. 61
|h Library of Congress classification
|i unmediated -- volume
|m A14806349077
|
| 998 |
f |
f |
|a QA1 .T26 no. 61
|t 0
|l Remote Storage
|